[Event "Knightworm78 team tourney"]
[Site "SchemingMind.com"]
[Date "2014.12.09"]
[Round "-"]
[White "Ramesh Panwar"]
[Black "capablanca"]
[Result "1-0"]
[WhiteCountry "IND"]
[BlackCountry "GER"]
[WhiteElo "2302"]
[WhiteRD "50"]
[BlackElo "1726"]
[BlackRD "58"]
[GameID "371095"]

1. e4 e5 2. Nf3 Nc6 3. Bc4 Bc5 4. c3 Nf6 5. d4 exd4 6. cxd4 Bb4+ 7. Bd2 Nxe4 8. Bxb4 Nxb4 9. Bxf7+ Kxf7 10. Qb3+ d5
11. Qxb4 Re8 12. O-O Qd6 13. Qa4 c6 14. Ne5+ Kg8 15. Nc3 Be6 16. Qc2 c5 17. Nxe4 dxe4 18. Qxc5 Qxc5 19. dxc5 Bd5 20. Ng4 Rac8
21. b4 a6 22. Ne3 Bc6 23. a4 Rcd8 24. Rfb1 Rd2 25. b5 axb5 26. axb5 Bd7 27. Nc4 Rc2 28. Nd6 Rf8 29. c6 bxc6 30. b6
1-0

[Event "Knightworm78 team tourney"]
[Site "SchemingMind.com"]
[Date "2014.12.10"]
[Round "-"]
[White "kenneth m day"]
[Black "Ramesh Panwar"]
[Result "0-1"]
[WhiteCountry "USA"]
[BlackCountry "IND"]
[WhiteElo "1691"]
[WhiteRD "48"]
[BlackElo "2302"]
[BlackRD "50"]
[GameID "371096"]

1. e4 c5 2. d4 cxd4 3. c3 e5 4. Nf3 Nf6 5. Bg5 Nc6 6. cxd4 exd4 7. e5 Nxe5 8. Nxe5 Qa5+ 9. Nd2 Qxe5+ 10. Qe2 Qe6
11. Qxe6+ dxe6 12. Bb5+ Bd7 13. Bxd7+ Nxd7 14. O-O f6 15. Bh4 g5 16. Bg3 e5 17. h4 gxh4 18. Bxh4 Rg8 19. Ne4 Be7 20. Rac1 Rg4
21. Nxf6+ Nxf6 22. Bg3 Bd6 23. Rfe1 Nd7 24. Kh2 Kf7 25. Kh3 Rag8 26. Red1 Nc5 27. b4 Ne4 28. Rd3 Rxg3+ 29. fxg3 Nf2+
0-1

[Event "Knightworm78 team tourney"]
[Site "SchemingMind.com"]
[Date "2014.12.10"]
[Round "-"]
[White "Ramesh Panwar"]
[Black "kenneth m day"]
[Result "1-0"]
[WhiteCountry "IND"]
[BlackCountry "USA"]
[WhiteElo "2279"]
[WhiteRD "51"]
[BlackElo "1712"]
[BlackRD "48"]
[GameID "371097"]

1. d4 Nf6 2. c4 e5 3. dxe5 Ng4 4. Nf3 Nc6 5. Bf4 Bb4+ 6. Nc3 Bxc3+ 7. bxc3 Qe7 8. Qd5 O-O 9. h3 Nh6 10. g4 d6
11. exd6 Qe6 12. dxc7 Qf6 13. Qd2 Qe6 14. Bg2 Re8 15. Nd4 Qxc4 16. Nxc6 bxc6 17. Rb1 Ba6 18. Rb8 Raxb8 19. cxb8=Q Rxb8 20. Bxb8 g6
21. Qd8+
1-0

[Event "Knightworm78 team tourney"]
[Site "SchemingMind.com"]
[Date "2014.12.11"]
[Round "-"]
[White "eun77"]
[Black "Ramesh Panwar"]
[Result "0-1"]
[WhiteCountry "ISR"]
[BlackCountry "IND"]
[WhiteElo "1461"]
[WhiteRD "71"]
[BlackElo "2302"]
[BlackRD "50"]
[GameID "371098"]

1. e4 c5 2. d3 e6 3. Nf3 Nc6 4. Be2 d5 5. O-O Nf6 6. exd5 exd5 7. h3 Bd6 8. Nh2 O-O 9. Bg4 Bxh2+ 10. Kxh2 Nxg4+
11. hxg4 Qh4+ 12. Kg1 Bxg4 13. f3 Bd7 14. Qe1 Qd4+ 15. Qf2 Rae8 16. Qxd4 Nxd4 17. Na3 Re2 18. Rf2 Re6 19. Bf4 Ne2+ 20. Rxe2 Rxe2
21. Kf1 Rfe8 22. Rd1 b5 23. Nxb5 Bxb5 24. Rc1 Rxc2 25. Rxc2 Bxd3+ 26. Kf2 Bxc2 27. b3 Bd3 28. Kg3 Re2 29. a4 d4 30. a5 Bc2
31. Bd6 d3 32. Bxc5 d2
0-1

[Event "Knightworm78 team tourney"]
[Site "SchemingMind.com"]
[Date "2014.12.11"]
[Round "-"]
[White "Ramesh Panwar"]
[Black "eun77"]
[Result "1-0"]
[WhiteCountry "IND"]
[BlackCountry "ISR"]
[WhiteElo "2302"]
[WhiteRD "50"]
[BlackElo "1461"]
[BlackRD "71"]
[GameID "371099"]

1. e4 e5 2. Nf3 d6 3. d4 Be7 4. dxe5 dxe5 5. Qxd8+ Bxd8 6. Nxe5 Nf6 7. Nc3 c6 8. Bf4 O-O 9. O-O-O Nbd7 10. Nd3 h6
11. f3 Nh7 12. h4 f6 13. Bd6 Re8 14. Nf4 Be7 15. Bc4+
1-0

[Event "Knightworm78 team tourney"]
[Site "SchemingMind.com"]
[Date "2014.12.10"]
[Round "-"]
[White "ray winteringham"]
[Black "Ramesh Panwar"]
[Result "0-1"]
[WhiteCountry "ENG"]
[BlackCountry "IND"]
[WhiteElo "1525"]
[WhiteRD "50"]
[BlackElo "2279"]
[BlackRD "51"]
[GameID "371100"]

1. e4 c5 2. Bc4 Nf6 3. d3 e6 4. h3 d5 5. exd5 exd5 6. Bb3 b5 7. a3 Nc6 8. Nf3 Be7 9. O-O O-O 10. Nc3 a6
11. Bd2 c4 12. dxc4 dxc4 13. Ba2 Bb7 14. b4 Nd4 15. Nxd4 Qxd4 16. Be3 Qxc3 17. Bd4 Qxa3 18. c3 Qb2 19. Bb1 Rfd8 20. Bc2 Rxd4
21. cxd4 Bxb4 22. Rb1 Qc3 23. Rc1 Qd2 24. Qxd2 Bxd2 25. Rcd1 Bc3 26. Kh2 Rd8 27. f3 a5 28. Rfe1 Bxe1 29. Rxe1 Rxd4 30. Bxh7+ Kxh7
0-1

[Event "Knightworm78 team tourney"]
[Site "SchemingMind.com"]
[Date "2014.12.09"]
[Round "-"]
[White "Ramesh Panwar"]
[Black "ray winteringham"]
[Result "1-0"]
[WhiteCountry "IND"]
[BlackCountry "ENG"]
[WhiteElo "2279"]
[WhiteRD "51"]
[BlackElo "1525"]
[BlackRD "50"]
[GameID "371101"]

1. d4 d5 2. c4 Bf5 3. cxd5 Qxd5 4. Nc3 Qd8 5. e4 Bg6 6. Qb3 b6 7. Bf4 e6 8. d5 exd5 9. Nxd5 c6 10. Nc7+ Ke7
11. Rd1 Qc8 12. Qd3 c5 13. Qd6#
1-0

[Event "Knightworm78 team tourney"]
[Site "SchemingMind.com"]
[Date "2014.12.10"]
[Round "-"]
[White "James Reed"]
[Black "Ramesh Panwar"]
[Result "0-1"]
[WhiteCountry "ENG"]
[BlackCountry "IND"]
[WhiteElo "1301"]
[WhiteRD "70"]
[BlackElo "2302"]
[BlackRD "50"]
[GameID "371102"]

1. e4 c5 2. Nf3 d6 3. d4 cxd4 4. Nxd4 e5 5. Nf3 Be7 6. Nc3 Be6 7. Bb5+ Nd7 8. O-O a6 9. Ba4 Nf6 10. h3 O-O
11. Re1 b5 12. Bb3 h6 13. Bxe6 fxe6 14. a3 Rc8 15. Be3 Qe8 16. b4 Rxc3 17. Qd2 Nxe4 18. Qe2 Ndf6 19. Nd2 Qg6 20. Nxe4 Qxe4
21. Qd2 Rxc2 22. Qd1 Nd5 23. Qg4 Qxg4 24. hxg4 Nxe3 25. Rxe3 Rfxf2 26. g3 Rg2+ 27. Kf1 Bg5 28. Rd3 e4 29. Rxd6 Be3 30. Rxe6 Rg1#
0-1

[Event "Knightworm78 team tourney"]
[Site "SchemingMind.com"]
[Date "2014.12.10"]
[Round "-"]
[White "Ramesh Panwar"]
[Black "James Reed"]
[Result "1-0"]
[WhiteCountry "IND"]
[BlackCountry "ENG"]
[WhiteElo "2302"]
[WhiteRD "50"]
[BlackElo "1301"]
[BlackRD "70"]
[GameID "371103"]

1. c4 Nf6 2. Nc3 e5 3. Nf3 Nc6 4. e3 Bb4 5. Be2 h6 6. d4 e4 7. Nd2 a6 8. Qc2 O-O 9. Ndxe4 Nxe4 10. Qxe4 Re8
11. Qf3 d6 12. Bd2 Be6 13. a3 Bxc3 14. Bxc3 d5 15. c5 Qd7 16. O-O Ne7 17. Rfd1 c6 18. Ba5 Nf5 19. Qf4 Qe7 20. Rd3 Qg5
21. Qxg5 hxg5 22. Rb3 b5 23. cxb6 Rab8 24. b7 Re7 25. Bxa6 Nd6 26. Rc1 Nxb7 27. Bd2 Bc8 28. Rxc6 Re6 29. Rxe6 Bxe6 30. Bxb7 Bc8
31. Bxd5 Rxb3 32. Bxb3 Bd7 33. e4
1-0

[Event "Knightworm78 team tourney"]
[Site "SchemingMind.com"]
[Date "2014.12.10"]
[Round "-"]
[White "Chessibelle"]
[Black "Ramesh Panwar"]
[Result "0-1"]
[WhiteCountry "ENG"]
[BlackCountry "IND"]
[WhiteElo "1212"]
[WhiteRD "55"]
[BlackElo "2279"]
[BlackRD "51"]
[GameID "371104"]

1. Nf3 d5 2. d4 Nf6 3. Nc3 Bf5 4. e3 e6 5. Bb5+ c6 6. Be2 Bd6 7. g3 Nbd7 8. O-O O-O 9. a3 e5 10. b4 Bh3
11. Re1 e4 12. Ng5 Bf5 13. Na4 h6 14. Nf3 exf3 15. Bxf3 Re8 16. c3 Ne4 17. Bh5 Ndf6 18. Be2 Qc7 19. Bf3 Ng5 20. Bg2 Bg4
21. Qd2 Bf3 22. Bf1 Qc8 23. Qc2 Nh3+
0-1

[Event "Knightworm78 team tourney"]
[Site "SchemingMind.com"]
[Date "2014.12.09"]
[Round "-"]
[White "Ramesh Panwar"]
[Black "Chessibelle"]
[Result "1-0"]
[WhiteCountry "IND"]
[BlackCountry "ENG"]
[WhiteElo "2279"]
[WhiteRD "51"]
[BlackElo "1212"]
[BlackRD "55"]
[GameID "371105"]

1. c4 d6 2. Nc3 e5 3. e3 Nf6 4. Nf3 Be7 5. d4 Nc6 6. d5 Nb4 7. Qa4+ Nc6 8. dxc6 b6 9. Bd3 g6 10. h3 d5
11. Nxe5 O-O 12. O-O Qd6 13. f4 a5 14. Rd1 Nh5 15. cxd5 Qf6 16. Ne4 Qg7 17. Bc4 g5 18. d6 Bd8 19. Nxf7 Qg6 20. Ne5+
1-0

[Event "Knightworm78 team tourney"]
[Site "SchemingMind.com"]
[Date "2014.12.09"]
[Round "-"]
[White "wight knight"]
[Black "Ramesh Panwar"]
[Result "0-1"]
[WhiteCountry "ENG"]
[BlackCountry "IND"]
[WhiteElo "1389"]
[WhiteRD "57"]
[BlackElo "2279"]
[BlackRD "51"]
[GameID "371106"]

1. e4 c5 2. Bc4 Nf6 3. f3 e6 4. d3 d5 5. exd5 exd5 6. Bb3 b5 7. c4 bxc4 8. dxc4 d4 9. Bg5 Bd6 10. Bxf6 Qxf6
11. Ne2 O-O 12. Nd2 Bb7 13. O-O Qh6 14. h3 d3 15. Nc1 Qf4 16. Kf2 Qd4+ 17. Ke1 Bg3+ 18. Rf2 Qxf2#
0-1

[Event "Knightworm78 team tourney"]
[Site "SchemingMind.com"]
[Date "2014.12.09"]
[Round "-"]
[White "Ramesh Panwar"]
[Black "wight knight"]
[Result "1-0"]
[WhiteCountry "IND"]
[BlackCountry "ENG"]
[WhiteElo "2279"]
[WhiteRD "51"]
[BlackElo "1389"]
[BlackRD "57"]
[GameID "371107"]

1. e4 e5 2. Nf3 f6 3. Bc4 Bc5 4. c3 d6 5. a4 Bg4 6. b4 Bxf3 7. Qxf3 d5 8. Bxd5 Be7 9. Qg4 c6 10. Qxg7 cxd5
11. Qxh8 Kf7 12. f4 exf4 13. Qxh7+ Kf8 14. d4 Nd7 15. Bxf4 dxe4 16. Qh8 Rc8 17. O-O f5 18. Bh6+ Kf7 19. Qh7+ Ke8 20. Qg6#
1-0

[Event "Knightworm78 team tourney"]
[Site "SchemingMind.com"]
[Date "2014.12.09"]
[Round "-"]
[White "spoke"]
[Black "calisege2008"]
[Result "1-0"]
[WhiteCountry "GER"]
[BlackCountry "FRA"]
[WhiteElo "1831"]
[WhiteRD "70"]
[BlackElo "1255"]
[BlackRD "82"]
[GameID "371108"]

1. e4 e5 2. Nf3 f6 3. Nxe5 d6 4. Nf3 a6 5. Bc4 f5 6. d3 Qf6 7. Nc3 f4 8. Nd5 Qd8 9. Bxf4 Nf6 10. Bg5 Be7
11. Nxe7 Qxe7 12. O-O Be6 13. Bxe6 Qxe6 14. Nd4 Qf7 15. f4 O-O 16. e5 Nd5 17. e6 Qe8 18. Qf3 Nc6 19. Qxd5 Nb4 20. Qc4 c5
21. e7+ Rf7 22. Ne6 Rc8 23. Nd8 Rxd8 24. exd8=R
1-0

[Event "Knightworm78 team tourney"]
[Site "SchemingMind.com"]
[Date "2014.12.09"]
[Round "-"]
[White "calisege2008"]
[Black "spoke"]
[Result "0-1"]
[WhiteCountry "FRA"]
[BlackCountry "GER"]
[WhiteElo "1255"]
[WhiteRD "82"]
[BlackElo "1831"]
[BlackRD "70"]
[GameID "371109"]

1. e4 e5 2. Nf3 Nc6 3. d4 exd4 4. Nxd4 Qf6 5. Be3 Bc5 6. c3 Nge7 7. Bd3 Nxd4 8. cxd4 Bxd4 9. Bxd4 Qxd4 10. Nc3 c6
11. Qf3 O-O 12. O-O Ng6 13. e5 Nxe5 14. Rae1 Nxf3+
0-1

[Event "Knightworm78 team tourney"]
[Site "SchemingMind.com"]
[Date "2014.12.09"]
[Round "-"]
[White "capablanca"]
[Black "calisege2008"]
[Result "1-0"]
[WhiteCountry "GER"]
[BlackCountry "FRA"]
[WhiteElo "1707"]
[WhiteRD "63"]
[BlackElo "1255"]
[BlackRD "82"]
[GameID "371110"]

1. e4 e5 2. Nf3 f6 3. Bc4 d6 4. Nc3 g6 5. d4 f5 6. dxe5 fxe4 7. Nxe4 h6 8. exd6 Rh7 9. Bxg8 cxd6 10. Bxh7 Bg7
11. Bxg6+ Ke7 12. O-O Bg4 13. Qd3 Nc6 14. c3 Qd7 15. Re1 Qe6 16. Ng3 Bxf3 17. Rxe6+
1-0

[Event "Knightworm78 team tourney"]
[Site "SchemingMind.com"]
[Date "2014.12.09"]
[Round "-"]
[White "calisege2008"]
[Black "capablanca"]
[Result "0-1"]
[WhiteCountry "FRA"]
[BlackCountry "GER"]
[WhiteElo "1255"]
[WhiteRD "82"]
[BlackElo "1707"]
[BlackRD "63"]
[GameID "371111"]

1. e4 e5 2. d4 exd4 3. c3 dxc3 4. bxc3 Bc5 5. h4 d6 6. Be3 Bxe3 7. fxe3 Nf6 8. Bd3 Nc6 9. Nf3 Ne5 10. h5 h6
11. c4 Nxd3+ 12. Qxd3 Bg4 13. Rg1 Bxh5 14. Nc3 O-O 15. O-O-O Re8 16. Rd2 Qe7 17. Rh1 Bg6 18. Nh4 Bxe4 19. Qd4 Bc6 20. Nf5 Qe5
21. Nxh6+ gxh6 22. Qh4 Qxc3+ 23. Kd1 h5 24. Rf1 Rxe3 25. Qg5+ Kf8 26. Qh6+ Ke7 27. Rc2 Rd3+ 28. Kc1 Qa1#
0-1

[Event "Knightworm78 team tourney"]
[Site "SchemingMind.com"]
[Date "2014.12.10"]
[Round "-"]
[White "kenneth m day"]
[Black "calisege2008"]
[Result "1-0"]
[WhiteCountry "USA"]
[BlackCountry "FRA"]
[WhiteElo "1712"]
[WhiteRD "48"]
[BlackElo "1255"]
[BlackRD "82"]
[GameID "371112"]

1. e4 e5 2. f4 d6 3. Nf3 Bg4 4. Be2 Nf6 5. Nc3 Bxf3 6. Bxf3 c6 7. d4 Qe7 8. fxe5 dxe5 9. O-O Na6 10. Bg5 c5
11. dxc5 Qxc5+ 12. Kh1 Be7 13. Qe2 Bd8 14. Rad1 Be7 15. a3 h6 16. Be3 Qc8 17. Qb5+ Nd7 18. Bg4 Qc6 19. Bxd7+ Qxd7 20. Qxd7+ Kf8
21. Nd5 Re8 22. Qxb7 Nb8 23. Bc5 Bxc5 24. Qxf7#
1-0

[Event "Knightworm78 team tourney"]
[Site "SchemingMind.com"]
[Date "2014.12.10"]
[Round "-"]
[White "calisege2008"]
[Black "kenneth m day"]
[Result "0-1"]
[WhiteCountry "FRA"]
[BlackCountry "USA"]
[WhiteElo "1302"]
[WhiteRD "83"]
[BlackElo "1691"]
[BlackRD "48"]
[GameID "371113"]

1. e4 d5 2. d4 dxe4 3. Bc4 Nf6 4. c3 Nc6 5. f3 exf3 6. d5 Ne5 7. Nxf3 Nxc4 8. b3 Nd6 9. O-O g6 10. Re1 Bg4
11. Qd3 Bg7 12. Bf4 O-O 13. Nbd2 Bf5 14. Qe3 Ng4 15. Qe2 Bxc3 16. Rac1 Bf6 17. Nh4 Bxh4 18. g3 Bf6 19. h3 Ne5 20. Bxe5 Bxh3
21. Qe3 Nf5 22. Re2 Nxe3 23. Rxe3 Qxd5 24. Re2 Bxe5 25. Kh2 Bg4 26. Rf2 Qd3 27. Nc4 Qxg3+ 28. Kh1 Qxf2 29. Nxe5 Qe3 30. Rg1 Qh3#
0-1

[Event "Knightworm78 team tourney"]
[Site "SchemingMind.com"]
[Date "2014.12.11"]
[Round "-"]
[White "eun77"]
[Black "calisege2008"]
[Result "0-1"]
[WhiteCountry "ISR"]
[BlackCountry "FRA"]
[WhiteElo "1293"]
[WhiteRD "54"]
[BlackElo "1333"]
[BlackRD "81"]
[GameID "371114"]

1. d4 d5 2. e3 e6 3. Nf3 Bb4+ 4. Bd2 Bd6 5. Be2 Qf6 6. O-O e5 7. dxe5 Bxe5 8. Nxe5 Qxe5 9. Bc3 Qg5 10. g3 Bh3
11. Re1 Nf6 12. Bf1 Bxf1 13. Rxf1 O-O 14. Bxf6 Qxf6 15. c3 Nd7 16. f4 Qc6 17. Nd2 Rfe8 18. Re1 Re6 19. Nf3 Nf6 20. Nd4 Qc5
21. Qd2 Ne4 22. Nxe6 fxe6 23. Qe2 Rf8
0-1

[Event "Knightworm78 team tourney"]
[Site "SchemingMind.com"]
[Date "2014.12.11"]
[Round "-"]
[White "calisege2008"]
[Black "eun77"]
[Result "1-0"]
[WhiteCountry "FRA"]
[BlackCountry "ISR"]
[WhiteElo "1333"]
[WhiteRD "81"]
[BlackElo "1293"]
[BlackRD "54"]
[GameID "371115"]

1. e4 e5 2. Nf3 d6 3. d4 Be7 4. d5 h6 5. Qd3 Nf6 6. Nh4 O-O 7. Qg3 Ng4 8. Nf5 Bxf5 9. Be2 Qd7 10. h3 Nf6
11. Bxh6 Bg6 12. Bg5 Nh7 13. h4 Bxg5 14. hxg5 Qe7 15. Qh4 Qxg5 16. Qxg5 Nxg5 17. Nc3 a6 18. O-O-O f6 19. Rh2 Kf7 20. Bg4 Rd8
21. g3 Nd7 22. f4 Nxe4 23. f5 Nxg3 24. fxg6+
1-0

[Event "Knightworm78 team tourney"]
[Site "SchemingMind.com"]
[Date "2014.12.09"]
[Round "-"]
[White "ray winteringham"]
[Black "calisege2008"]
[Result "1-0"]
[WhiteCountry "ENG"]
[BlackCountry "FRA"]
[WhiteElo "1525"]
[WhiteRD "50"]
[BlackElo "1255"]
[BlackRD "82"]
[GameID "371116"]

1. e4 e5 2. Nf3 Nc6 3. Bb5 Nd4 4. Nxd4 c6 5. Bxc6 exd4 6. Bd5 Nh6 7. d3 d6 8. Bxh6 gxh6 9. Qf3 Be6 10. Bxb7 Rb8
11. Bc6+ Bd7 12. Bd5 f6 13. Qh5+ Ke7 14. Qf7#
1-0

[Event "Knightworm78 team tourney"]
[Site "SchemingMind.com"]
[Date "2014.12.09"]
[Round "-"]
[White "calisege2008"]
[Black "ray winteringham"]
[Result "0-1"]
[WhiteCountry "FRA"]
[BlackCountry "ENG"]
[WhiteElo "1255"]
[WhiteRD "82"]
[BlackElo "1525"]
[BlackRD "50"]
[GameID "371117"]

1. e4 e5 2. Nf3 d6 3. d4 exd4 4. Qxd4 Nc6 5. Qe3 g6 6. Bc4 Bg7 7. Ng5 Nf6 8. Nxf7 Qe7 9. Nc3 Be6 10. Nxh8 Bxc4
11. b3 Ba6 12. Bb2 Bxh8 13. O-O-O O-O-O 14. a4 Re8 15. Nd5 Nxd5 16. Rxd5 Bxb2+ 17. Kxb2 Qf6+ 18. Kb1 b6 19. f4 Bb7 20. Rf1 Nd8
21. e5 Rxe5 22. Qd4 Bxd5 23. Rd1 Rf5 24. Qxf6 Rxf6 25. Rxd5 Rxf4 26. Rd3 h5 27. Rg3 Rg4 28. Rf3 Rxg2 29. h4 Kb7 30. Kb2 Nc6
31. Rf6 Nd4
0-1

[Event "Knightworm78 team tourney"]
[Site "SchemingMind.com"]
[Date "2014.12.10"]
[Round "-"]
[White "James Reed"]
[Black "calisege2008"]
[Result "0-1"]
[WhiteCountry "ENG"]
[BlackCountry "FRA"]
[WhiteElo "1301"]
[WhiteRD "70"]
[BlackElo "1302"]
[BlackRD "83"]
[GameID "371118"]

1. e4 e5 2. Nf3 Nc6 3. Bc4 h6 4. Nc3 d6 5. h3 Be6 6. Bxe6 fxe6 7. d3 Qf6 8. a3 g6 9. Be3 Nge7 10. Qe2 d5
11. O-O d4 12. Bd2 dxc3 13. Bxc3 Nc8 14. Rfe1 g5 15. d4 exd4 16. e5 Qg6 17. Bd2 Nb6 18. Qd3 Qf7 19. Nxd4 Bc5 20. Be3 O-O-O
21. Qc3 Bxd4 22. Bxd4 Nxd4 23. Re4 Na4 24. Qc4 Rhf8 25. Rxd4 Qxf2+ 26. Kh2 Rxd4 27. Qxe6+ Kd8 28. Qb3 Rd2 29. Qxa4 Qxg2#
0-1

[Event "Knightworm78 team tourney"]
[Site "SchemingMind.com"]
[Date "2014.12.10"]
[Round "-"]
[White "calisege2008"]
[Black "James Reed"]
[Result "1-0"]
[WhiteCountry "FRA"]
[BlackCountry "ENG"]
[WhiteElo "1302"]
[WhiteRD "83"]
[BlackElo "1301"]
[BlackRD "70"]
[GameID "371119"]

1. e4 c5 2. d4 cxd4 3. Qxd4 Nc6 4. Qd2 e5 5. Bc4 Bc5 6. b4 Bxb4 7. Nc3 Nf6 8. Bb2 d6 9. Qg5 O-O 10. Nf3 h6
11. Qe3 Re8 12. Rd1 Bg4 13. h3 Be6 14. Bb5 a6 15. Be2 Qc7 16. g4 Bxa2 17. h4 Nxg4 18. Qd2 Nf6 19. Nh2 Nxe4 20. Qe3 Nxc3
21. Bxc3 Bc5 22. Qg3 Qe7 23. Bh5 Be6 24. Rg1 Qf6 25. Nf3 b5 26. Bd2 Nd4 27. Bg5 Nxf3+ 28. Bxf3 Bb4+ 29. Kf1 hxg5 30. hxg5 Qg6
31. Rh1 Rac8 32. Qh4 Kf8 33. Qxb4 Bc4+ 34. Be2 Bxe2+ 35. Kxe2 Qxg5 36. Rh8+ Ke7 37. Qxd6#
1-0

[Event "Knightworm78 team tourney"]
[Site "SchemingMind.com"]
[Date "2014.12.09"]
[Round "-"]
[White "Chessibelle"]
[Black "calisege2008"]
[Result "1-0"]
[WhiteCountry "ENG"]
[BlackCountry "FRA"]
[WhiteElo "1212"]
[WhiteRD "55"]
[BlackElo "1255"]
[BlackRD "82"]
[GameID "371120"]

1. Nf3 f6 2. d4 d5 3. Nc3 e6 4. e3 Bd7 5. a3 a6 6. Bd3 Bd6 7. g3 e5 8. O-O e4 9. Nxe4 Bg4 10. Ned2 Nh6
11. e4 f5 12. e5 Be7 13. Nb3 Rg8 14. c4 g5 15. Be2 Rf8 16. Na5 Bxf3 17. Bxf3 g4 18. Bg2 b6 19. Nb3 Bg5 20. Nd2 c6
21. Qa4 dxc4 22. Qxc4 Ra7 23. b4 Rd7 24. Nf3 Bxc1 25. Qxc1 gxf3 26. Bxf3 Ng4 27. Qc2 Rg7 28. Rad1 Qg5 29. d5 f4 30. dxc6 Rfg8
31. c7 Qh5 32. cxb8=Q+ Kf7 33. Rd7+ Ke6 34. Qd6#
1-0

[Event "Knightworm78 team tourney"]
[Site "SchemingMind.com"]
[Date "2014.12.09"]
[Round "-"]
[White "calisege2008"]
[Black "Chessibelle"]
[Result "1-0"]
[WhiteCountry "FRA"]
[BlackCountry "ENG"]
[WhiteElo "1255"]
[WhiteRD "82"]
[BlackElo "1212"]
[BlackRD "55"]
[GameID "371121"]

1. e4 e5 2. Nf3 Nc6 3. d4 Bd6 4. d5 Nce7 5. Bg5 f6 6. Be3 c6 7. Bc4 b5 8. Bb3 Bb7 9. dxc6 dxc6 10. O-O Ng6
11. Bxg8 Rxg8 12. c3 Qc7 13. Nbd2 Nf4 14. b4 Qf7 15. Nb3 Qg6 16. Bxf4 exf4 17. Qxd6 Kf7 18. Qc7+ Kf8 19. Qxb7 Qe8 20. Rad1 g5
21. Rd7
1-0

[Event "Knightworm78 team tourney"]
[Site "SchemingMind.com"]
[Date "2014.12.09"]
[Round "-"]
[White "wight knight"]
[Black "calisege2008"]
[Result "1-0"]
[WhiteCountry "ENG"]
[BlackCountry "FRA"]
[WhiteElo "1389"]
[WhiteRD "57"]
[BlackElo "1255"]
[BlackRD "82"]
[GameID "371122"]

1. e4 e5 2. Bc4 Nh6 3. d3 g6 4. Bxh6 Bxh6 5. Qf3 f6 6. g4 Rf8 7. d4 d6 8. Nc3 Qe7 9. Nd5 Qd7 10. Nxf6+ Rxf6
11. Qxf6 Qe7 12. Qxe7+ Kxe7 13. dxe5 dxe5 14. h3 Bd7 15. Nf3 Nc6 16. c3 Rf8 17. g5 Bg7 18. Nd2 Na5 19. O-O-O Nxc4 20. Nxc4 Rxf2
21. Rhf1 h6 22. Rxf2 hxg5 23. b4 Be6 24. Ne3 Bxa2 25. Nd5+ Ke6 26. Nxc7+ Ke7 27. Rxa2
1-0

[Event "Knightworm78 team tourney"]
[Site "SchemingMind.com"]
[Date "2014.12.09"]
[Round "-"]
[White "calisege2008"]
[Black "wight knight"]
[Result "1-0"]
[WhiteCountry "FRA"]
[BlackCountry "ENG"]
[WhiteElo "1255"]
[WhiteRD "82"]
[BlackElo "1389"]
[BlackRD "57"]
[GameID "371123"]

1. e4 e5 2. Nf3 f6 3. d4 Nc6 4. Bc4 d6 5. d5 Nce7 6. c3 c6 7. Nh4 g5 8. Nf3 Bg4 9. Qd3 Bxf3 10. Qxf3 Bh6
11. dxc6 g4 12. Qxg4 Bxc1 13. cxb7 Rb8 14. Qe6 Rxb7 15. Qf7+ Kd7 16. Be6+ Kc7 17. O-O Bxb2 18. Bd5 Bxa1 19. Na3 Bxc3 20. Rc1 Kb8
21. Bxb7 Kxb7 22. Qd5+ Nc6 23. Rxc3 Qa5 24. Qxc6+ Kb8 25. Qc8#
1-0

[Event "Knightworm78 team tourney"]
[Site "SchemingMind.com"]
[Date "2014.12.09"]
[Round "-"]
[White "Ramesh Panwar"]
[Black "calisege2008"]
[Result "1-0"]
[WhiteCountry "IND"]
[BlackCountry "FRA"]
[WhiteElo "2279"]
[WhiteRD "51"]
[BlackElo "1255"]
[BlackRD "82"]
[GameID "371124"]

1. d4 d5 2. c4 e6 3. Nc3 Nc6 4. Nf3 Bb4 5. e3 b6 6. Bd2 Bd6 7. cxd5 Na5 8. b4 Bxb4 9. dxe6 fxe6 10. Qa4+ Bd7
11. Qxb4 Ne7 12. Bd3 Nac6 13. Qb1 O-O 14. Bxh7+ Kh8 15. Be4 Be8 16. Ng5 Nf5 17. Nxe6 Qf6 18. Nxf8 Qxf8 19. Bxf5 Bh5 20. Be4 Be8
21. Qd1 Nb4 22. Qg4 Bf7 23. Qh3+ Kg8 24. Qh7#
1-0

[Event "Knightworm78 team tourney"]
[Site "SchemingMind.com"]
[Date "2014.12.09"]
[Round "-"]
[White "calisege2008"]
[Black "Ramesh Panwar"]
[Result "0-1"]
[WhiteCountry "FRA"]
[BlackCountry "IND"]
[WhiteElo "1255"]
[WhiteRD "82"]
[BlackElo "2279"]
[BlackRD "51"]
[GameID "371125"]

1. e4 c5 2. c4 d6 3. Nc3 Nc6 4. d3 e5 5. Nf3 Be7 6. Be2 f5 7. g3 fxe4 8. dxe4 Bh3 9. Nd5 Bg2 10. Rg1 Bxf3
11. Bxf3 Nf6 12. Bh5+ g6 13. Nxf6+ Bxf6 14. Bg4 Nd4 15. f4 O-O 16. Be3 exf4 17. gxf4 Bh4+ 18. Kf1 Qe7 19. Bxd4 Rxf4+ 20. Kg2 cxd4
21. Bf3 Raf8 22. Qd2 Rxf3 23. Qe2 Rf2+
0-1